| 000 | 00425nam a2200169 a 4500 | ||
|---|---|---|---|
| 001 | 755 | ||
| 003 | CDMR | ||
| 005 | 20130517121520.0 | ||
| 008 | 130130s1967||||||||||||||||||||||||||||d | ||
| 040 |
_aCDMR _bcat _cCDMR |
||
| 100 | 1 |
_aBailly, René _9584 |
|
| 245 | 1 | 0 | _aDictionnaire de la télévision |
| 260 |
_aParis _c1967 _bLarouusse |
||
| 650 | 0 | 4 |
_9597 _aTelevisió |
| 650 | 0 | 4 |
_93463 _aComunicació _xDiccionaris |
| 942 |
_cMON _2udc |
||
| 999 |
_c755 _d755 |
||